| 000 | 00510nam a2200193Ia 4500 | ||
|---|---|---|---|
| 005 | 20250423094756.0 | ||
| 008 | 250422s9999 xx 000 0 und d | ||
| 020 | _a9780702033926 | ||
| 050 | _aRD 734 .M37/ | ||
| 100 | _aMcRae, Ronald | ||
| 245 | 0 | _aClinical orthopaedic examination | |
| 250 | _a6th ed | ||
| 260 | _aNew york | ||
| 260 | _bChurchill Livingstone | ||
| 260 | _c2010 | ||
| 300 | _a323 p | ||
| 650 | _a Orthopedics--Diagnosis. Musculoskeletal system--Examination. | ||
| 942 | _cBK | ||
| 999 |
_c28257 _d28257 |
||